01299nas a2200361 4500001001300000003000900013005001700022007000300039008003400042040005400076041000900130072000800139100002400147100001800171100001900189100002100208100001700229100002200246245013300268650002000401650002000421650003400441650001300475650001300488650001700501650001200518773011500530856006500645909004000710942001800750999001900768952015000787BR2016000716BR-BrBNA20231205130121.0ta230509b bl.|||p| |||| 00| 00por d aBR-BrBNAbporcBiblioteca Nacional de Agricultura a(Pt) aF301 aPereira, J.C. da S.1 aFidelis, R.R.1 aErasmo, E.A.L.1 aSantos, P.M. dos1 aBarros, H.B.1 aCarvalho, G.L. de1 aFlorescimento e frutificação de genótipos de pinhão manso sob doses de fósforo no cerrado da Região Sul do Tocantins aPINHAO DE PURGA aJATROPHA CURCAS aMELHORAMENTO GENETICO VEGETAL aGENOTIPO aFLORACAO aFRUTIFICACAO aANALISE0 tJournal of Biotechnology and Biodiversity (Brazil)xISSN 2179-4804g(May 2011), v. 2(2) p. 28-36wBR201600071640uhttp://revista.uft.edu.br/index.php/JBB/article/view/235/167 a202311bLúciac55dLúcia Elande 2AGRISn0cANA c247922d247922 002AGRIS4071a41918b41918cPeriódicos Agrícolash(May 2011), v. 2(2) p. 28-36l0r2023-11-29t01yCRePortaria Interministerial nº 164/94